000 00684nam a2200121Ia 4500
008 220620s9999||||xx |||||||||||||| ||und||
245 0 _aMusic Practices Across Borders
_b(E)Valuating Space, Diversity and Exchange
546 _aEnglish[eng]
650 _aMusic||Music Practices||Migration||Evaluation||Transnational||Music||Globalization||Musicology||Interculturalism||Sociology of Culture
700 _aPeres da Silva, Glaucia||Hondros, Konstantin
856 _uhttps://library.oapen.org/bitstream/20.500.12657/24788/1/1005321.pdf||https://library.oapen.org/bitstream/20.500.12657/24788/1/1005321.pdf||https://library.oapen.org/bitstream/20.500.12657/24788/1/1005321.pdf
942 _cEB
999 _c33481
_d33481